000 00501nam a2200181Ia 4500
008 191130s1998##################000#0#eng##
020 _a9780890878934
040 _aACL
_cACL
082 _a641.5 KRO
100 _aKrondl, Michael
245 _aThe great little pumpkin cookbook
_cby Michael Krondl
260 _aBerkeley, CA
_bCelestial Arts
_c1998
300 _a107 p. ; 16 cm
650 _aCooking (Pumpkin)
990 _a02a3ac5cac10000c1d03141f053e2c04
991 _a388490
999 _c51423
_d51423